Culture Générale - Série 2037 - Statistiques

Statistiques générales
  • Ce quiz a été pris 100 fois
  • Le résultat moyen est 4 sur 10
Statistiques - réponses
Question Réponse % Correct
Comment s'appelait le Myanmar jusqu'en 2010 ? Birmanie
81%
Quel coquillage est associé au mot "bouchot" ? moule
79%
Quelle est la capitale du Mali ? Bamako
75%
Quel animal est devenu emblème officiel du Canada le 24 mars 1975 ? castor
47%
Quelle est la préfecture du département 70 ? Vesoul
35%
Les îles Kerguelen étaient autrefois surnommées " les îles de la .... désolation
25%
Qui est "Le gentleman d'Epsom" dans le film de Gilles Grangier de 1962 ? Jean Gabin
25%
Comment s'appelle le dieu grec de la médecine, fils d'Apollon ? Asclépios
24%
Quel mot commençant par " c " désigne à la fois un navire et un avion ? caravelle
23%
Sous quel nom connaissait-on mieux l'actrice Margarita Carmen Cansino (1918-1987) ? voir photo Rita Hayworth
16%
Aucun quiz correspondant
Distribution des résultats
% des personnes avec chaque résultat
Percentile par nombre de réponses
Votre historique - résultats
Vous n’avez pas pris ce quiz